The official handbook of the Legion of Mary. (Record no. 35334)
[ view plain ]
| 000 -LEADER | |
|---|---|
| fixed length control field | 00645nam a2200181 4500 |
| 008 - FIXED-LENGTH DATA ELEMENTS--GENERAL INFORMATION | |
| fixed length control field | 110214s1969 ie af f 001 0 eng d |
| 090 ## - LOCALLY ASSIGNED LC-TYPE CALL NUMBER (OCLC); LOCAL CALL NUMBER (OCLC) | |
| Classification number (OCLC) (R) ; Classification number, CALL (RLIN) (NR) | BX809.L35 |
| Local cutter number (OCLC) ; Book number/undivided call number, CALL (RLIN) | L52 |
| -- | 1969 |
| 110 2# - MAIN ENTRY--CORPORATE NAME | |
| Corporate name or jurisdiction name as entry element | Legion of Mary. |
| 245 14 - TITLE STATEMENT | |
| Title | The official handbook of the Legion of Mary. |
| 250 ## - EDITION STATEMENT | |
| Edition statement | New and rev. ed. |
| 260 ## - PUBLICATION, DISTRIBUTION, ETC. (IMPRINT) | |
| Place of publication, distribution, etc | Dublin : |
| Name of publisher, distributor, etc | Concilium legionis Mariae, |
| Date of publication, distribution, etc | 1969. |
| 300 ## - PHYSICAL DESCRIPTION | |
| Extent | 288 p., [4] p. of plates : |
| Other physical details | ill. ; |
| Dimensions | 22 cm. |
| 500 ## - GENERAL NOTE | |
| General note | Includes indexes. |
| 610 24 - SUBJECT ADDED ENTRY--CORPORATE NAME | |
| Corporate name or jurisdiction name as entry element | Catholic Church |
| General subdivision | Societies, etc. |
| 610 24 - SUBJECT ADDED ENTRY--CORPORATE NAME | |
| Corporate name or jurisdiction name as entry element | Legion of Mary |
| Form subdivision | Handbooks, manuals, etc. |
| 951 ## - EQUIVALENCE OR CROSS-REFERENCE-GEOGRAPHIC NAME/AREA NAME [OBSOLETE] [CAN/MARC only] | |
| -- | 9302 |
| -- | REFBX809.L35/L52/1969 |
| -- | 110214163335265 |
| -- | 2000-12-21 |
| -- | Reference English |
| Withdrawn status | Lost status | Damaged status | Not for loan | Home library | Current library | Shelving location | Date acquired | Accession number | Shelving control number | Total Checkouts | Full call number | Date last seen | Price effective from | Koha item type |
|---|---|---|---|---|---|---|---|---|---|---|---|---|---|---|
| BSOP Library | BSOP Library | 12/21/2000 | 9302 | 127 | REFBX809.L35/L52/1969 | 02/23/2013 | 02/23/2013 | Books |
